000 00680nam a2200241 a 4500
001 0001-0946
003 ELIB.Books
008 140909 2010 eng
020 _aKBTS
035 _a(ELIB.Books)0001-1100
092 _aThesis
_bFlo
100 _aFlora Kwa, Naw
245 _aA Strategy for Developing Effective Teaching for the Nanthagon Karen Baptist Church Sunday School
260 _aKBTS; Insein
_bKaren Baptist Theological Seminary
_c2014
300 _c29.7 Cm
500 _aFlora Kwa, Naw
650 _aThesis
856 _nKBTS; Library
_uKBTS; Elib.
942 _2ddc
_cBK
990 _a1
998 _cbat
_e2014-09-09
999 _c10946
_d10946